Statistics for European Geography By Letter K - Picture Quiz

Click here to take the quiz!

General Stats

  • This quiz has been taken 553 times
  • The average score is 8 of 18

Answer Stats

Answer% Correct
Kent
80%
Kazakhstan
73%
Kremlin
71%
Kaliningrad
69%
Kiev
62%
{Kosovo} and Metohia
58%
Kensington
55%
Krakow
49%
Krk
43%
{Kalamata} Olive
40%
{Kiel} Canal
31%
Knossos
27%
Koruna
26%
Kattegat
24%
Battle of {Kursk}
19%
Kaunas
14%
Karelians
12%
Kalemegdan
5%

Score Distribution

Percentile by Number Answered

Percent of People with Each Score

Your Score History

You have not taken this quiz